UBT Library

Unlock behavior, unleash profits : (Record no. 490)

000 -LEADER
fixed length control field 00601nam a22001937a 4500
005 - DATE AND TIME OF LATEST TRANSACTION
control field 20140621050024.0
008 - FIXED-LENGTH DATA ELEMENTS--GENERAL INFORMATION
fixed length control field 080723s2007 nyua 001 0 eng
020 ## - INTERNATIONAL STANDARD BOOK NUMBER
International Standard Book Number 9780071490672
080 ## - UNIVERSAL DECIMAL CLASSIFICATION NUMBER
Universal Decimal Classification number 316.46
100 1# - Rafti
Rafti Braksick, Leslie Wilk.
245 10 - TITLE STATEMENT
Title Unlock behavior, unleash profits :
Statement of responsibility, etc Leslie Wilk Braksick.
250 ## -
-- 2nd ed.
260 ## -
-- New York :
-- McGraw-Hill,
-- 2007.
300 ## -
-- 240 f. :
-- me il.;
-- 24 cm.
500 ## -
-- Index f. 235-240
650 #0 -
-- Udhëheqja
650 #0 -
-- Fitimi
942 ## - ADDED ENTRY ELEMENTS (KOHA)
Source of classification or shelving scheme
Item type Books
Holdings
Withdrawn status Lost status Source of classification or shelving scheme Damaged status Not for loan Collection code Permanent location Current location Shelving location Date acquired Total Checkouts Full call number Barcode Date last seen Koha item type Price effective from
          Koleksioni i përgjithshem UBT - Ferizaj UBT - Ferizaj Koleksioni i përgjithshem 06/21/2014   316.46 BRA 003000624 06/21/2014 Books  
          Koleksioni i përgjithshem UBT - Ferizaj UBT - Ferizaj Koleksioni i përgjithshem 06/21/2014   316.46 BRA 003000625 06/21/2014 Books  
          Koleksioni i përgjithshem UBT - Ferizaj UBT - Ferizaj Koleksioni i përgjithshem 06/21/2014   316.46 BRA 003000626 06/21/2014 Books  
          Koleksioni i përgjithshem UBT - Ferizaj UBT - Ferizaj Koleksioni i përgjithshem 06/21/2014   316.46 BRA 003000627 06/21/2014 Books  
          Koleksioni i përgjithshem UBT - Ferizaj UBT - Ferizaj Koleksioni i përgjithshem 06/21/2014   316.46 BRA 003000628 06/21/2014 Books  
          Koleksioni i përgjithshem UBT - Ferizaj UBT - Ferizaj Koleksioni i përgjithshem 06/21/2014   316.46 BRA 003000629 06/21/2014 Books  
          Koleksioni i përgjithshem UBT - Ferizaj UBT - Ferizaj Koleksioni i përgjithshem 06/21/2014   316.46 BRA 003000630 06/21/2014 Books  
          Koleksioni i përgjithshem UBT - Ferizaj UBT - Ferizaj Koleksioni i përgjithshem 06/21/2014   316.46 BRA 003000631 06/21/2014 Books  
          Koleksioni i përgjithshem UBT - Ferizaj UBT - Ferizaj Koleksioni i përgjithshem 06/21/2014   316.46 BRA 003000632 06/21/2014 Books  
          Koleksioni i përgjithshem UBT - Ferizaj UBT - Ferizaj Koleksioni i përgjithshem 06/21/2014   316.46 BRA 003000633 06/21/2014 Books  
          Koleksioni i përgjithshem UBT - Lipjan UBT - Lipjan Koleksioni i përgjithshem 06/11/2015   316.46 BRA 002-008730 06/14/2017 Books  
          Koleksioni i përgjithshem UBT - Lipjan UBT - Lipjan Koleksioni i përgjithshem 12/08/2015   316.46 BRA 002-008766 12/08/2015 Books 12/08/2015
          Koleksioni i përgjithshem UBT - Lipjan UBT - Lipjan Koleksioni i përgjithshem 10/02/2017   37 BRA 002-2925713 10/02/2017 Books 10/02/2017
          Koleksioni i përgjithshem UBT - Lipjan UBT - Lipjan Koleksioni i përgjithshem 10/19/2017   338 WIL 002-2932435 10/19/2017 Books 10/19/2017
          Koleksioni i përgjithshem UBT - Lipjan UBT - Lipjan Koleksioni i përgjithshem 10/19/2017   338 WLK 002-2932430 10/19/2017 Books 10/19/2017
          Koleksioni i përgjithshem UBT - Lipjan UBT - Lipjan Koleksioni i përgjithshem 10/19/2017   338 WLK 002-2932436 10/19/2017 Books 10/19/2017
UBT Library © 2015-2024. All rights reserved University Education for Business and Technology